000 00888naa a22003017a 4500
001 BR6700174
003 BR-BrBNA
005 20240918173310.0
007 ta
008 230509b bl.||||| |||| 00| 0 por d
040 _aBR-BrBNA
_bpor
_cBiblioteca Nacional de Agricultura
041 _a(Pt)
072 _aL30; L36
_b5214
_bG514
090 _aL30 BR6700174
100 1 _aJohnson, L.A.
245 1 _aNutrientes necessarios ao gado leiteiro [Nordeste; Brasil]
260 3 _aRecife, PE (Brasil):
_c1967.
500 _aCurso rapido sobre nutricao Recife, PE (Brasil): 1967. p. 6-8 (BR6700174-AM)L30
650 _aNutricao animal
650 _aComposicao de alimento
650 _aGado leiteiro
650 _aValor nutritivo
650 _aNutriente
650 _aSuplemento energetico
650 _aNordeste
909 _a202404
_bLucia
_c55
_dLucia Elande
942 _cAM
_2AGRIS
999 _c303833
_d303833